01454nam a2200361 a 4500001001200000003000800012006001900020007001500039008004100054020001800095020002700113040002100140035002100161050002300182100002500205245016700230260004600397300001900443490003700462504005100499533015200550600003200702600003200734650002000766650003700786650002100823655002900844700002100873710001700894830003800911856012600949999001701075ebr10555094CaPaEBRm u cr cn|||||||||120510s2012 ne a sb 001 0deng d z9789058679116 z9789461660596 (e-book) aCaPaEBRcCaPaEBR a(OCoLC)79337998314aBF173b.V36 2012eb1 aVan Haute, Philippe.12aA non-oedipal psychoanalysis?h[electronic resource] :ba clinical anthropology of hysteria in the work of Freud and Lacan /cPhilippe Van Haute & Tomas Geyskens. aLeuven :bLeuven University Press,c2012. a180 p. :bill.1 aFigures of the unconscious ;v11 aIncludes bibliographical references and index. aElectronic reproduction.bPalo Alto, Calif. :cebrary,d2013.nAvailable via World Wide Web.nAccess may be limited to ebrary affiliated libraries.10aFreud, Sigmund,d1856-1939.10aLacan, Jacques,d1901-1981. 0aPsychoanalysis. 0aPsychoanalysis and anthropology. 0aOedipus complex. 7aElectronic books.2local1 aGeyskens, Tomas.2 aebrary, Inc. 0aFigures of the unconscious ;v11.40uhttp://site.ebrary.com/lib/rucke/Doc?id=10555094zAn electronic book accessible through the World Wide Web; click to view c91906d91906